| 000 | 00849cam a2200205 4500 | ||
|---|---|---|---|
| 001 | WB3713-12 | ||
| 008 | 000000n2001 000 0 eng u | ||
| 035 | _a(Sirsi) u111708 | ||
| 245 | _aProperty industry must adopt e-commerce | ||
| 260 | _c2001 | ||
| 490 |
_aDETR Press Release _v (174) 27 March 2001, (1) |
||
| 520 | _aThe Planning Minster announces publication of a report by the DETR Property Advisory Group which urged the property industry to make greater use of electronic media in the whole range of its activities. These included research, finance and marketing. Available at www.detr.gov.uk | ||
| 590 | _aWB | ||
| 650 | _aPROPERTY ADVISORY GROUP | ||
| 650 | _aELECTRONIC MEDIA | ||
| 650 | _aPROPERTY-COMMERCIAL PROPERTY | ||
| 650 | _aE-COMMERCE | ||
| 690 | _aMANAGEMENT-BUSINESS MANAGEMENT-INFORMATION MANAGEMENT | ||
| 942 | _n0 | ||
| 999 |
_c66552 _d66552 |
||